=LDR 00000nam 2200000 4500 =001 NUTBA000000000002834 =005 20140702145246.0 =006 =007 =008 =035 ##$$a 0010-071400000000022 =040 ##$$a NBPDMAT =082 ##$$a 621.3 =090 ##$$a 621.3$bSur t =100 ##$$a suryatmo, f =245 ##$$a Teknik listrik pengukuran$cF.Suryatmo =260 ##$$a Jakarta$bBina Aksara$c1986 =300 ##$$a v, 174 hlm.$bilus.$c21 cm. =650 ##$$a Teknik Listrik =850 ##$$a NBPDMAT =990 ##$$a 00039980 =990 ##$$a 21400613/BPAP-NTB/20142014